| 000 | 00465nam a22001577a 4500 | ||
|---|---|---|---|
| 999 |
_c3314 _d3314 |
||
| 008 | 200409b ||||| |||| 00| 0 eng d | ||
| 082 | 0 | 0 |
_a620.00222 _bB5755 |
| 100 |
_91437 _aBhatt, N. D. |
||
| 245 | 1 | 0 |
_aElementary engineering drawing: plane and solid geometry / _cby N. D. Bhatt and V. M. Panchal |
| 250 | _a38th ed. | ||
| 260 |
_aAnand _bCharotar _c1997 |
||
| 300 | _axix, 635 p. | ||
| 650 | 0 | _aMechanical Drawing | |
| 700 |
_92370 _aPanchal, V. M. |
||
| 942 | _cBK | ||